000 00342nab a22001097u 4500
008 130520b2006 xxu||||| |||| 00| 0 spa d
041 _aspa
100 1 _aCasaldáliga, Pedro
_d(1928-2020)
_93792
245 0 0 _aYo creo en la Resurrección
_cPedro Casaldáliga
773 0 _tConcilium
_gnº318,2006,págs. 131-136
_x0210-1041
_wRev134
942 _cAR
999 _c379598
_d379598